000 00763nam a2200229 a 4500
001 56779
003 BD-RjUL
005 20211209080431.0
008 161204s1984 ii a b 100 0 eng
035 _a(BD-RjUL)56903
040 _aDLC
_cDLC
_dDLC
_dBD-RjUL
_beng
041 _aeng
082 0 0 _a509.1767
_223
_bQUE 1984
245 0 0 _aQuest for new science :
_bselected papers of a seminar /
_cedited by Rais Ahmad, Syed Naseem Ahmad.
260 _aAligarh :
_bCentre for Studies on Science,
_cc1984.
300 _a270 p. :
_bill. ;
_c25 cm.
650 0 _aScience
_zIslamic Empire
_xHistory
_xCongresses.
_9168849
650 0 _aScience
_xMethodology
_xCongresses.
_9168850
700 0 _aAhmad, Rais.
_9168851
700 1 _aAhmad, Syed Naseem.
_9168852
942 _2ddc
_cBK
999 _c56779
_d56779